ბათუმის შოთა რუსთაველის სახელმწიფო უნივერსიტეტის ბიბლიოთეკა

Словарь по геологии нефти и газа. (ბიბ.ჩანაწერი № 38369)

000 -LEADER
fixed length control field 00600nam a2200205Ia 4500
001 - CONTROL NUMBER
control field 4379
003 - CONTROL NUMBER IDENTIFIER
control field GE_BSU
008 - FIXED-LENGTH DATA ELEMENTS--GENERAL INFORMATION
fixed length control field 181216s||||||||xx |||||||||||||| ||und||
020 ## - INTERNATIONAL STANDARD BOOK NUMBER
International Standard Book Number 5247000013
040 ## - CATALOGING SOURCE
Transcribing agency GE_BSU
080 ## - UNIVERSAL DECIMAL CLASSIFICATION NUMBER
Universal Decimal Classification number 55+553.981(038)
245 ## - TITLE STATEMENT
Title Словарь по геологии нефти и газа.
245 ## - TITLE STATEMENT
Statement of responsibility, etc. Ред. колл. К.А.Черников (отв. ред) и др.
260 ## - PUBLICATION, DISTRIBUTION, ETC.
Place of publication, distribution, etc. Л.
260 ## - PUBLICATION, DISTRIBUTION, ETC.
Name of publisher, distributor, etc. Недра.
260 ## - PUBLICATION, DISTRIBUTION, ETC.
Date of publication, distribution, etc. 1988.
300 ## - PHYSICAL DESCRIPTION
Extent 679 стр. 22 см. с илл.
653 ## - INDEX TERM--UNCONTROLLED
Uncontrolled term Словарь по геологии нефти и газа.
942 ## - ADDED ENTRY ELEMENTS (KOHA)
Koha item type წიგნი
ეგზემპლარები
Withdrawn status Lost status Damaged status Not for loan Date acquired Barcode Date last seen Price effective from Koha item type Public note
        2018-12-17 9594 2018-12-17 2018-12-17 წიგნი საცავი
        2018-12-17 9595 2018-12-17 2018-12-17 წიგნი საცავი
        2018-12-17 9596 2018-12-17 2018-12-17 წიგნი საცავი